000 00796cab a2200229 4500
001 ##L133682
008 060601n2006 000 0 eng u
035 _a(Sirsi) u133682
041 0 _aeng
100 1 _aAdshead, Antony
245 0 0 _aFocus
_bYorkshire industrial and distribution
260 _c2006
490 0 _aEstates Gazette
_v(0621) 27 May 2006, 93-109(7)
520 _aLooks at transport infrastructure in Leeds, focusing on the proposed superbus; speculative shed development in the south and west of Yorkshire; and the market for large distribution facilities.
590 _aIKA060606
651 4 _aYORKSHIRE
651 4 _aLEEDS
690 _aPROPERTY-COMMERCIAL PROPERTY-COMMERCIAL PROPERTY MARKET
700 1 _aCunningham, Daniel
700 1 _aJack, Simon
942 _n0
999 _c77153
_d77153